Every Partick Thistle Player 2024/25 - Statistics

General Stats
  • This quiz has been taken 4 times
  • The average score is 12 of 25
Answer Stats
Position Player Nationality % Correct
ST Brian Graham Scotland
100%
LW Aidan Fitzpatrick Scotland
75%
GK David Mitchell Scotland
75%
CM Kyle Turner Scotland
75%
CB Lee Ashcroft Scotland
75%
RW Logan Chalmers Scotland
75%
CB Luke McBeth Scotland
75%
CDM Stuart Bannigan Scotland
75%
ST Alexander Jakubiak England
50%
CDM Ben Stanway Scotland
50%
CB Daniel O’Reilly Ireland
50%
RB Kanayochukwu Megwa England
50%
CAM Robbie Crawford Scotland
50%
CM Scott Martin Scotland
50%
ST Terry Ablade Finland
50%
CAM Zander Mackenzie Scotland
50%
RB Casper Nilsson Sweden
25%
RW Daniel Mackay Scotland
25%
LB Josh Reid Scotland
25%
GK Lewis Budinauckas Scotland
25%
GK Luis Cameron Scotland
25%
GK Mason McCready Scotland
25%
LB Sean Kelly Scotland
25%
RB Wasiri Williams England
25%
RW Steven Lawless Scotland
0%
No matching quizzes found
Score Distribution
Percent of People with Each Score
Percentile by Number Answered
Your Score History
You have not taken this quiz